LIBRARY & INFORMATION CENTRE, KCAET, TAVANUR

ONLINE PUBLIC ACCESS CATALOGUE (OPAC)

Advances in mechanical engineering / (Record no. 13205)

MARC details
000 -LEADER
fixed length control field 00397cam a2200157ua 4500
041 ## - LANGUAGE CODE
Language code of text/sound track or separate title eng
082 ## - DEWEY DECIMAL CLASSIFICATION NUMBER
Classification number 621.8
Item number KHA/AD
100 ## - MAIN ENTRY--AUTHOR NAME
Personal name Khan, R A .
245 00 - TITLE STATEMENT
Title Advances in mechanical engineering /
260 ## - PUBLICATION, DISTRIBUTION, ETC. (IMPRINT)
Place of publication New Delhi :
Name of publisher Ane Books India ,
Year of publication 2006.
300 ## - PHYSICAL DESCRIPTION
Number of Pages 1190 ; .
700 1# - ADDED ENTRY--PERSONAL NAME
Personal name Suhaib, Mohd. .
942 ## - ADDED ENTRY ELEMENTS (KOHA)
Koha item type Books
Holdings
Withdrawn status Lost status Damaged status Home library Current library Date acquired Full call number Accession Number Koha item type
      KAUAET KAUAET 07/04/2012 621.8 21848 Books
free website counter